000 00615nam a22002057a 4500
005 20180809140236.0
008 180809b xxu||||| |||| 00| 0 eng d
020 _a9788179552759
_c₹ 800.00
040 _aLoreto College
_beng
041 _aBengali
082 _a491.4403
_bBHA
245 _aPuranakosa
_b(Mahabharata-Ramayana-Mukhyo puran)
_cEdited by Nrisinha Prasad Bhaduri
260 _aKolkata
_bSahitya Sansad
_c2016
300 _a840 p.;vol. I
_b26 cm.
650 _aPuranas-Encyclopedia in Bengali
650 _aPuranakosa
700 _4ed.
_aBhaduri, Nrisinha Prasad
850 _aLCLIB
942 _cBK
999 _c41766
_d92245